| 000 | 00498nam a2200169 u 4500 | ||
|---|---|---|---|
| 001 | 000214169 | ||
| 003 | AM-YeHGA | ||
| 005 | 20250617124217.0 | ||
| 008 | 981005s1980 ||||||||||||||||||||rus d | ||
| 040 | _aAM-YeHGA | ||
| 100 | 1 | _aВиноградов, Ю.Б. | |
| 245 | 1 | 0 |
_aЭтюды о селевых потоках / _cЮ.Б. Виноградов. |
| 260 |
_aЛенинград : _bГидрометеоиздат, _c1980. |
||
| 300 | _a144 с. | ||
| 650 | 1 | 4 | _aГеология |
| 090 | _c76170 | ||
| 999 |
_c74942 _d74942 |
||